سيرة الرسول ومعالمها من القران الكريم والسنة المطهرة

Bibliographic Details
Main Author: ابراهيم، محمد اسماعيل (Author)
Format: Book
Published: Qahirah : Dar al-Fikr al-'Arabi , 1977
Subjects:

MARC

LEADER 00000cam a2200000 7i4500
001 0000000783
005 20221011093000.0
008 021118s1977
020 |a 9773060527 
090 0 0 |a BP75.2   |b .I28 
100 0 |a ابراهيم، محمد اسماعيل ,   |e author 
245 1 0 |a سيرة الرسول ومعالمها من القران الكريم والسنة المطهرة   |c محمد اسماعيل ابراهيم 
260 2 |a Qahirah :   |b Dar al-Fikr al-'Arabi ,   |c 1977 
300 |a 260 p. ;   |c 24 cm. 
600 0 0 |a Muhammad ,   |c Prophet ,   |d - 632 
745 0 0 |a Sirat al-Rasul wa-ma`alimuha min al-Qur'an al-karim wa-al-sunnah al-mutaharah 
999 |a 1000015868   |b Book   |c OPEN SHELF (30 DAYS)   |e Gong Badak Campus